| 000 | 00594cam a22002171 4500 | ||
|---|---|---|---|
| 001 | he 66001203 | ||
| 003 | DLC | ||
| 005 | 20260227111439.0 | ||
| 008 | 850501s1966 is 000 0 heb | ||
| 010 | _ahe 66001203 | ||
| 035 | _a(OCoLC)19204549 | ||
| 040 |
_aDLC _cMH _dDLC |
||
| 042 | _apremarc | ||
| 050 | 0 | 0 |
_aPJ5054.C425 _bN4 |
| 100 | 1 |
_aChamiel, Haim, _d1917- |
|
| 245 | 1 | 0 |
_aNerot moledet : _bshirim ʻal saf moledet ṿe-neʻurim. |
| 260 |
_a[Tel Aviv] : _bMaḥbarot le-sifrut, _c[1966] |
||
| 300 |
_a76 p. : _bill. ; _c21 cm. |
||
| 500 | _aVocalized. | ||
| 752 |
_aIsrael _dTel Aviv |
||
| 999 |
_c31825 _d31825 |
||